Panorama de la France / (Record no. 531521)
[ view plain ]
| 000 -LEADER | |
|---|---|
| fixed length control field | 00338nam a22001457a 4500 |
| 003 - CONTROL NUMBER IDENTIFIER | |
| control field | NUST |
| 020 ## - INTERNATIONAL STANDARD BOOK NUMBER | |
| International Standard Book Number | 9783929932027 |
| Qualifying information | H/B. |
| 038 ## - RECORD CONTENT LICENSOR | |
| Staff Name | waseem |
| 082 ## - DEWEY DECIMAL CLASSIFICATION NUMBER | |
| Classification number | 914.4 |
| Author Mark | VAR |
| 100 ## - MAIN ENTRY--PERSONAL NAME | |
| Personal name | Varry, France |
| 9 (RLIN) | 24317 |
| 245 ## - TITLE STATEMENT | |
| Title | Panorama de la France / |
| Statement of responsibility, etc. | France Varry |
| 260 ## - PUBLICATION, DISTRIBUTION, ETC. | |
| Place of publication, distribution, etc. | France : |
| Name of publisher, distributor, etc. | ZVP, |
| Date of publication, distribution, etc. | 1840. |
| 300 ## - PHYSICAL DESCRIPTION | |
| Extent | 199 p. ; |
| 942 ## - ADDED ENTRY ELEMENTS (KOHA) | |
| Source of classification or shelving scheme | |
| Koha item type | Book |
| Withdrawn status | Lost status | Source of classification or shelving scheme | Damaged status | Not for loan | Permanent Location | Current Location | Date acquired | Source of acquisition | Full call number | Barcode | Date last seen | Price effective from | Koha item type |
|---|---|---|---|---|---|---|---|---|---|---|---|---|---|
| Central Library (CL) | Central Library (CL) | 10/18/2019 | Donation | 914.4 VAR | CL-D-708 | 04/18/2023 | 10/18/2019 | Reference |
